|
|
|
|
| LEADER |
00000nam2a2200000 4500 |
| 001 |
52867 |
| 005 |
20231031043242.0 |
| 035 |
|
|
|a (RuTPU)RU\TPU\book\55417
|
| 035 |
|
|
|a RU\TPU\book\40396
|
| 090 |
|
|
|a 52867
|
| 100 |
|
|
|a 20030606d1966 m y0rusy50 ca
|
| 101 |
0 |
|
|a rus
|
| 102 |
|
|
|a RU
|
| 105 |
|
|
|a a j 001yy
|
| 200 |
0 |
|
|a Т. 1
|
| 205 |
|
|
|a 6-е изд.
|
| 210 |
|
|
|d 1966
|
| 215 |
|
|
|a 607 с.
|c ил.
|
| 320 |
|
|
|a Алф. указ.: с. 600-607.
|
| 451 |
|
1 |
|0 (RuTPU)RU\TPU\book\40396
|t Т. 1
|d 1969
|d 1962
|p 607 с.
|
| 451 |
|
1 |
|0 (RuTPU)RU\TPU\book\70558
|t Т. 1
|p 607 с.
|
| 461 |
|
1 |
|0 (RuTPU)RU\TPU\book\41109
|t Курс дифференциального и интегрального исчисления
|o учебное пособие
|f Г. М. Фихтенгольц
|v Т. 1
|d 1966
|
| 610 |
1 |
|
|a математика
|
| 610 |
1 |
|
|a рациональные числа
|
| 610 |
1 |
|
|a пределы
|
| 610 |
1 |
|
|a функции
|
| 610 |
1 |
|
|a непрерывность
|
| 610 |
1 |
|
|a производные
|
| 610 |
1 |
|
|a дифференциалы
|
| 610 |
1 |
|
|a формулы
|
| 610 |
1 |
|
|a функциональные определители
|
| 610 |
1 |
|
|a дифференциальное исчисление
|
| 610 |
1 |
|
|a геометрия
|
| 610 |
1 |
|
|a поверхности
|
| 610 |
1 |
|
|a учебные пособия
|
| 675 |
|
|
|a 517.2(075.8)
|v 3
|
| 675 |
|
|
|a 517.3(075.8)
|v 3
|
| 801 |
|
1 |
|a RU
|b 63413507
|c 20020405
|g PSBO
|
| 801 |
|
2 |
|a RU
|b 63413507
|c 20220412
|g PSBO
|
| 900 |
|
|
|a Математический анализ
|
| 942 |
|
|
|c BK
|